000 00499cam a22002051 4500
001 sa 68004736
003 DLC
005 20260227112503.0
008 881102s1968 xx 000 0 hino
010 _asa 68004736
035 _a(OCoLC)23570717
040 _aDLC
_cMiU
_dDLC
042 _apremarc
050 0 0 _aPK2098.14.A6797
_bK7
100 1 _aBhatia, Om Prakash,
_d1933-
245 1 0 _aKshitija kī khoja.
260 _c[1968]
300 _a12, 80 p.
_bport.
_c23 cm.
500 _aRomanized.
999 _c80307
_d80307